Tabeyeen ul kalam fi tafsir ut toraat walengeel alia millatul Islam (Urdu) (Record no. 62642)
[ view plain ]
| 000 -LEADER | |
|---|---|
| fixed length control field | 00465nam a2200169Ia 4500 |
| 001 - CONTROL NUMBER | |
| control field | 62212 |
| 008 - FIXED-LENGTH DATA ELEMENTS--GENERAL INFORMATION | |
| fixed length control field | 141119s9999 xx 000 0 und d |
| 020 ## - INTERNATIONAL STANDARD BOOK NUMBER | |
| International Standard Book Number | NA |
| 040 ## - CATALOGING SOURCE | |
| Transcribing agency | PK-LaUMT |
| 082 ## - DEWEY DECIMAL CLASSIFICATION NUMBER | |
| Classification number | 220 |
| Item number | SIR-T |
| 100 ## - MAIN ENTRY--PERSONAL NAME | |
| Personal name | Sir Syed Ahmad Khan |
| 245 ## - TITLE STATEMENT | |
| Title | Tabeyeen ul kalam fi tafsir ut toraat walengeel alia millatul Islam (Urdu) |
| Statement of responsibility, etc | Sir Syed Ahmad Khan |
| 260 ## - PUBLICATION, DISTRIBUTION, ETC. (IMPRINT) | |
| Place of publication, distribution, etc | Lahore,Pakistan: |
| Name of publisher, distributor, etc | Maktabah Akhuwaat, |
| Date of publication, distribution, etc | N.D |
| 501 ## - WITH NOTE | |
| With note | 2 vols |
| 546 ## - LANGUAGE NOTE | |
| Language note | UR |
| 942 ## - ADDED ENTRY ELEMENTS (KOHA) | |
| Koha item type | Books |
| Withdrawn status | Lost status | Source of classification or shelving scheme | Damaged status | Not for loan | Home library | Current library | Date acquired | Total Checkouts | Total Renewals | Full call number | Barcode | Date last seen | Date checked out | Price effective from | Koha item type |
|---|---|---|---|---|---|---|---|---|---|---|---|---|---|---|---|
| Dewey Decimal Classification | UMT Main Campus | UMT Main Campus | 2014-11-18 | 3 | 2 | 220 SIR-T | 79752 | 2016-04-19 | 2016-03-21 | 2014-11-20 | Books | ||||
| Dewey Decimal Classification | UMT Main Campus | UMT Main Campus | 2014-11-25 | 3 | 1 | 220 SIR-T | 79753 | 2016-05-25 | 2016-03-21 | 2014-11-25 | Books |
